| 000 | 01476nab a2200313 a 4500 | ||
|---|---|---|---|
| 005 | 20210219162443.0 | ||
| 008 | 991125s1985 mx 000 0 spa u | ||
| 035 | _aUPN01000204329 | ||
| 049 | _aART-E | ||
| 100 | 1 | _aMadera Páez, Lenia | |
| 100 | 1 | _ulendoul@yahoo.es | |
| 222 | 0 |
_aMENDIVE : _bREVISTA CIENTIFICO PEDAGOGICA |
|
| 245 | 0 | 0 | _aLa constitución, la familia y la escuela ante un estudiante homosexual |
| 260 | _aPinar del Río, Cuba | ||
| 300 | _a1-4 | ||
| 362 | 0 | _a2014, Vol. 13, no. 49, oct.-dic. | |
| 520 | 3 | _aLa modernidad ha impuesto cambios en el pensamiento de los individuos. Hasta los patrones de familia se han modificado. El fenómeno de la homosexualidad no es nuevo, por lo que convivir con homosexuales, se ha convertido en un suceso normal. A pesar de eso, todavía queda un sector de la sociedad que no acepta la presencia de ellos y se manifiestan en la escuela a través de actos discriminatorios y no es a partir de ese momento donde debe comenzar la labor educativa del maestro, sino mucho antes, con la función preventiva. | |
| 653 | 0 | _aHOMOSEXUALIDAD | |
| 653 | 0 | _aESTUDIANTES | |
| 653 | 0 | _aDISCRIMINACION | |
| 653 | 0 | _aINTERVENCION EDUCATIVA | |
| 653 | 0 | _aPREVENCION | |
| 856 | 4 | _uhttp://www.revistamendive.rimed.cu/nfuentes/num49/pdf/Art_2_Lenia.pdf | |
| 905 | _aArticulo | ||
| 336 | _atexto$2rdacontent | ||
| 337 | _acomputadora$2rdamedia | ||
| 338 | _arecurso en linea$2rdacarrier | ||
| 999 |
_c176430 _d176430 |
||